Culture Générale - Série 1776 - Statistiques

Statistiques générales
  • Ce quiz a été pris 151 fois
  • Le résultat moyen est 5 sur 10
Statistiques - réponses
Question Réponse % Correct
Sur quel continent se trouve la Terre Adélie ? Antarctique
81%
Quel nouvel État est né en Afrique en 2011 suite à un referendum d’autodétermination ? Soudan du Sud
69%
Quelle est la capitale du Costa Rica ? San José
66%
Quel alcool est extrait des cerises ou des merises ? kirsch
63%
Quel diplomate et entrepreneur français est à l’origine de la création du canal de Suez ? Ferdinand de Lesseps
51%
Où se situe l’action de « Crime et châtiment » de Dostoiëvski ? Saint-Petersbourg
48%
Quel espèce d'animal est le basenji ? chien
30%
À quel État appartient, selon le droit international, la Transnistrie ? Moldavie
26%
Avec qui David Bowie chantait-il « Dancing in the street » en 1985 ? Mick Jagger
14%
Qui a dit “ ce qui se conçoit bien s’énonce clairement, et les mots pour le dire arrivent aisément” ? Boileau
13%
Aucun quiz correspondant
Distribution des résultats
% des personnes avec chaque résultat
Percentile par nombre de réponses
Votre historique - résultats
Vous n’avez pas pris ce quiz